Ứng dụng bài toán phân tích chùm trong xây dựng mô hình chuỗi thời gian mờ : Luận văn tốt nghiệp Cao học. Chuyên ngành Lý thuyết xác suất và Thống kê toán học
Tổng kết các ứng dụng của bài toán phân tích chùm vào việc xây dựng mô hình chuỗi thời gian mờ, thiết lập các thuật toán và xem xét các ứng dụng thực tế.
Đã lưu trong:
| 主要作者: | |
|---|---|
| 格式: | 圖書 |
| 語言: | Undetermined |
| 出版: |
Cần Thơ
Trường Đại học Cần Thơ
2019
|
| 主題: | |
| 標簽: |
添加標簽
沒有標簽, 成為第一個標記此記錄!
|
| Thư viện lưu trữ: | Trung tâm Học liệu Trường Đại học Cần Thơ |
|---|
| LEADER | 01114nam a2200217Ia 4500 | ||
|---|---|---|---|
| 001 | CTU_232582 | ||
| 008 | 210402s9999 xx 000 0 und d | ||
| 082 | |a 519.53 | ||
| 082 | |b L502 | ||
| 088 | |a 8460106 | ||
| 100 | |a Nguyễn, Huỳnh Luận | ||
| 245 | 0 | |a Ứng dụng bài toán phân tích chùm trong xây dựng mô hình chuỗi thời gian mờ : | |
| 245 | 0 | |b Luận văn tốt nghiệp Cao học. Chuyên ngành Lý thuyết xác suất và Thống kê toán học | |
| 245 | 0 | |c Nguyễn Huỳnh Luận ; Võ Văn Tài (Cán bộ hướng dẫn) | |
| 260 | |a Cần Thơ | ||
| 260 | |b Trường Đại học Cần Thơ | ||
| 260 | |c 2019 | ||
| 520 | |a Tổng kết các ứng dụng của bài toán phân tích chùm vào việc xây dựng mô hình chuỗi thời gian mờ, thiết lập các thuật toán và xem xét các ứng dụng thực tế. | ||
| 650 | |a Cluster analysis,Phân tích chùm | ||
| 910 | |b nthai | ||
| 980 | |a Trung tâm Học liệu Trường Đại học Cần Thơ | ||